00902nam a22002417a 450000500170000001000130001702000220003003500130005203700160006504000120008108200130009324501050010626000440021127000800025530000320033565000370036765000470040470000250045170000230047694200220049999900190052195201200054020170124110145.0 aA-896347 c00.00a8170189365 aA-896347 bCen Lib/Ret aDPLbEN a630bMAN aManagement of agricultural extension in global perspectives /cedited by R.K.Samanta [and] S.K.Arora bB.R.Publishing CorporationaDelhic1997 aA-6, Nimri Commercial Centre, Near Bharat Nagar, Ashok viharbDelhie110052 axvi,243p. :c22cm(Hb)bill. aManagement of Agriculture933327 aPeople's participation in extension933328 aSamanta, R.K.933329 aArora, S.K.994010 2ddccENh630mMAN c131965d131965 00104070aLbLd2015-07-16eCen Lib/Retg0.00l0o630 MANpA-896347r2015-07-16 00:00:00t1v0.00w2015-07-16yEN